| 000 | 00996nmm a2200301 a 4500 | ||
|---|---|---|---|
| 001 | ocm000639781 | ||
| 003 | TR-IsHL | ||
| 005 | 20201028131930.0 | ||
| 008 | 131028s2009 tu tur | ||
| 007 | cr cn | ||
| 020 | _a9789750098161 | ||
| 035 |
_a639781 _b(N$T) |
||
| 050 | 0 | 4 |
_aD567 _b.B35 2009 |
| 090 | 0 | 4 |
_aD567 _b.B35 2009 |
| 100 | 1 | _aBalcı, Ramazan | |
| 245 | 1 | 0 |
_aSarıkamış: yolun sonu _h[electronic resource] / _cRamazan Balcı |
| 250 | _a5. bs. | ||
| 260 |
_aİstanbul : _bBabıali Kültür Yayıncılığı, _c2009 |
||
| 300 | _a224 p. | ||
| 650 | 4 | _aTarih | |
| 650 | 4 | _aHistory | |
| 650 | 0 |
_aDünya Savaşı, 1914-1918 _x Türkiye |
|
| 650 | 0 |
_aWorld War, 1914-1918 _x Turkey |
|
| 650 | 0 |
_aSarıkamış (Kars, Türkiye) _x Tarihi |
|
| 650 | 0 |
_aSarıkamıs (Kars, Turkey) _x History |
|
| 650 | 7 |
_aHISTORY / Middle East / Turkey & Ottoman Empire _2bisacsh |
|
| 856 | 4 | 0 | _uhttp://search.ebscohost.com/login.aspx?direct=true&scope=site&db=e011xww&AN=639781 |
| 999 |
_c4824 _d4824 |
||